00533nam a2200181Ii 450000100060000000300090000600800410001504000330005604100080008908200170009710000210011424500580013526400650019330000120025833600260027033700280029633800270032414034CO-ViMGA241108s9999||||xx |||||||||||||| ||und|| aCO-ViMGAbspaerdacCO-ViMGA0 aspa04a759.986 B17o1 aÁlvaro Barrios10aOrígenes del arte conceptual en Colombia 1968 -1978 1aBogotá, Colombia : Alcaldía Mayor de Bogotá D.C., 1999 avolumen atextbtxt2rdacontent aunmediatedbn2rdamedia avolumebnc2rdacarrier